Egypt's golden age : the art of living in the New Kingdom, 1558-1085 B.C. /

Saved in:

Main Author: Freed, Rita E. (Author)

Corporate Authors: Museum of Fine Arts, Boston., Houston Museum of Natural Science., Walters Art Gallery (Baltimore, Md.)

Format: Book

Language: English

Published: Boston : Museum of Fine Arts, c1981.

Subjects:

Tags: Add Tag

No Tags, Be the first to tag this record!

Call Number: DT59 .B6 F73 1981

LEADER 01227namaa2200313 4500
001 19083
003 OSt
005 20260510090709.0
008 130303s1981 maua bc 000 0 eng d
010 |a 82128574 
040 |c ARCE Library 
043 |a f-ua--- 
050 4 |a DT59 .B6 F73 1981 
100 1 |a Freed, Rita E.,   |e author  |9 30269 
245 1 0 |a Egypt's golden age :  |b the art of living in the New Kingdom, 1558-1085 B.C. /  |c by Rita E. Freed.  |n   
264 1 |a Boston :   |b Museum of Fine Arts,   |c c1981. 
300 |a 68 pages :   |b illustrations (some color) ;   |c 28 cm. 
500 |a "A Picture book." 
500 |a Catalogue of an exhibition held at the Museum of Fine Arts, Boston, Feb. 3-May 2, 1982; the Museum of Natural Science, Houston, July 14-Sept. 19, 1982; and the Walters Art Gallery, Baltimore, Oct. 27-Jan. 2, 1983 
504 |a Bibliography : page 65. 
650 0 |a Art, Egyptian  |v Exhibitions. 
651 0 |a Egypt  |x Civilization  |y To 332 B.C.  |v Exhibitions. 
651 0 |a Egypt  |x Antiquities  |v Exhibitions. 
710 2 |a Museum of Fine Arts, Boston. 
710 2 |a Houston Museum of Natural Science. 
710 2 |a Walters Art Gallery (Baltimore, Md.) 
901 |a reviewed 
942 |c BK  |2 lcc 
999 |c 16097  |d 16097